<?xml version="1.0" encoding="UTF-8"?>
<record
    xmlns:xsi="http://www.w3.org/2001/XMLSchema-instance"
    xsi:schemaLocation="http://www.loc.gov/MARC21/slim http://www.loc.gov/standards/marcxml/schema/MARC21slim.xsd"
    xmlns="http://www.loc.gov/MARC21/slim">

  <leader>00561cam a2200169 a 4500</leader>
  <datafield tag="020" ind1=" " ind2=" ">
    <subfield code="a">0784401705</subfield>
  </datafield>
  <datafield tag="082" ind1="0" ind2="0">
    <subfield code="a">624.17</subfield>
    <subfield code="b">BIT</subfield>
    <subfield code="c">L-NUST, P-19</subfield>
  </datafield>
  <datafield tag="100" ind1="1" ind2=" ">
    <subfield code="a">Bittnar, Zden&#x11B;k.</subfield>
    <subfield code="9">42673</subfield>
  </datafield>
  <datafield tag="245" ind1="1" ind2="0">
    <subfield code="a">Numerical methods in structural mechanics /</subfield>
    <subfield code="c">Zden&#x11B;k Bittnar, Ji&#x159;&#xED; &#x160;ejnoha.</subfield>
  </datafield>
  <datafield tag="260" ind1=" " ind2=" ">
    <subfield code="a">New York :</subfield>
    <subfield code="b">ASCE Press ;</subfield>
    <subfield code="a">London :</subfield>
    <subfield code="b">Thomas Telford,</subfield>
    <subfield code="c">c1996.</subfield>
  </datafield>
  <datafield tag="300" ind1=" " ind2=" ">
    <subfield code="a">422 p. :</subfield>
    <subfield code="b">ill. ;</subfield>
    <subfield code="c">24 cm.</subfield>
  </datafield>
  <datafield tag="526" ind1=" " ind2=" ">
    <subfield code="a">0</subfield>
    <subfield code="b">0</subfield>
    <subfield code="c">0</subfield>
    <subfield code="d">624_170000000000000_BIT</subfield>
  </datafield>
  <datafield tag="650" ind1=" " ind2="0">
    <subfield code="a">Numerical analysis.</subfield>
    <subfield code="9">103</subfield>
  </datafield>
  <datafield tag="650" ind1=" " ind2="0">
    <subfield code="a">NUST</subfield>
    <subfield code="9">6342</subfield>
  </datafield>
  <datafield tag="700" ind1="1" ind2=" ">
    <subfield code="a">&#x160;ejnoha, Ji&#x159;&#xED;.</subfield>
    <subfield code="9">42674</subfield>
  </datafield>
  <datafield tag="942" ind1=" " ind2=" ">
    <subfield code="2">ddc</subfield>
    <subfield code="c">BK</subfield>
  </datafield>
  <datafield tag="999" ind1=" " ind2=" ">
    <subfield code="c">546524</subfield>
    <subfield code="d">546524</subfield>
  </datafield>
  <datafield tag="952" ind1=" " ind2=" ">
    <subfield code="0">0</subfield>
    <subfield code="1">0</subfield>
    <subfield code="2">ddc</subfield>
    <subfield code="4">0</subfield>
    <subfield code="7">0</subfield>
    <subfield code="a">MCE</subfield>
    <subfield code="b">MCE</subfield>
    <subfield code="d">2014-06-12</subfield>
    <subfield code="l">0</subfield>
    <subfield code="o">624.17 BIT</subfield>
    <subfield code="p">MCE-43969</subfield>
    <subfield code="r">2014-06-12</subfield>
    <subfield code="w">2014-06-12</subfield>
    <subfield code="y">BK</subfield>
  </datafield>
</record>
